000 01743nkm a2200373 c 4500
999 _c210883
_d210883
003 BLK
005 20200923134715.0
008 180412b bul rap|r|||| r0| ||bulo|
010 _aKNG00173330000
040 _aBLK
041 _aBUL
_cBUL
080 _aЖивопис - художници
_b75.071.1
_x(497.2)(092)
_z75.071.1(497.2)(092)
080 _aБългарски художник (1916-1997)
_b929 Григоров, Бойчо
_z929 Григоров, Бойчо
139 _aБойчо Григоров
_bГ 82
245 1 0 _aБойчо Григоров
_cпредставен от Петър Симеонов Чуховски; Бойчо Григоров.
257 _aBGR
260 _bБълг. художник
_c1976
300 _a38 с.
_bс репрод., портр.
_c25 см
380 _a7
490 1 _aБиблиотека Съвременна българска живопис
500 _aПълното име на художника е Бойчо Григоров Станков. - Парал. текст на рус., фр., нем., прев. Елена Лунд, Стоян Цонев, Герда Минкова. - 1 120 тир.
600 1 4 _aГригоров, Бойчо
_9352629
650 4 _aХудожници, български - албуми
_9290224
651 4 _aБългария
_9241624
653 _aбългарски художници
653 _aпейзажи
700 1 _aЧуховски, Петър Симеонов
_eпредставен от
_9379456
700 1 _aГригоров, Бойчо
_9352629
852 _aЦб 301356
856 4 _qpdf
_u
856 4 _qpdf
_u
942 _cGRA
_n0
_s1
944 _aCR
_c20.03.2015
_kКамелия_Данева
944 _aED
_c17.04.2015
_kКамелия_Данева
999 _d210883